000 00657nam a2200205Ii 4500
003 JO-AjNU
008 230605s9999||||xx |||||||||||||| ||und||
040 _aJO-AjNU
_bara
_erda
_cJO-AjNU
041 _aara
050 1 4 _aBP188.16.L68.F8252 1987
100 3 _aشاكر، فؤاد,
_eauthor
_920153
245 0 0 _aالحب والأحباب
250 _aط2
264 3 1 _aبيروت- القاهرة: دار الجيل ، مكتبة التراث الاسلامي، 1987
300 _a143ص
336 _atext
_btxt
_2rdacontent
337 _aunmediated
_bn
_2rdamedia
338 _avolume
_bnc
_2rdacarrier
650 4 _aالتصوف الاسلامي
_920154
999 _aA6781
_c10349
_d10349